Welcome to the Holygrace Academy Library

Please use search bar below to get started

SKYLARK (Record no. 8961)

MARC details
000 -LEADER
fixed length control field 00288nam a22001337a 4500
082 ## - DEWEY DECIMAL CLASSIFICATION NUMBER
Classification number 823
Item number PAT/S
100 ## - MAIN ENTRY--AUTHOR NAME
Personal name PATRICIA, MACACBLAN
245 ## - TITLE STATEMENT
Title SKYLARK
246 ## - VARYING FORM OF TITLE
Title proper/short title SKYLARK
Remainder of title SKYLARK
260 ## - PUBLICATION, DISTRIBUTION, ETC. (IMPRINT)
Place of publication NEW YORK
Name of publisher HARPER COLLINS
Year of publication 1997
300 ## - PHYSICAL DESCRIPTION
Number of Pages 86
650 ## - SUBJECT ADDED ENTRY--TOPICAL TERM
Topical Term ENGLISH STORY
942 ## - ADDED ENTRY ELEMENTS (KOHA)
Koha item type Books
Holdings
Withdrawn status Lost status Collection code Home library Current library Shelving location Date acquired Source of acquisition Full call number Accession Number Koha item type
    Fiction Main Library Main Library SHELF 15-L-CHILDREN'S STORYBOOKS 04/10/2012 PURCHASED 823 PAT/S 05690 Books